Vista normal
Vista MARC
Entrada Materia (personas)
Número de registros utilizados en: 3
001 - CONTROL NUMBER
- control field: 73782
003 - CONTROL NUMBER IDENTIFIER
- control field: Co-BoUCM
005 - DATE AND TIME OF LATEST TRANSACTION
- control field: 20151119104203.0
008 - FIXED-LENGTH DATA ELEMENTS
- fixed length control field: 151119|| aca||aabn | a|a d
040 ## - CATALOGING SOURCE
- Original cataloging agency: Co-BoUCM
- Transcribing agency: Co-BoUCM
100 ## - HEADING--PERSONAL NAME
- Personal name: Niño Pérez, Ana Rocio
670 ## - SOURCE DATA FOUND
- Source citation: Work cat.: (Co-BoUCM)302039: Consideraciones de la especialidad laboral y de la seguridad social -II, 2015